Quizzes
Events
Quiz Creation
Community
Videos
Private Events
Remove Ads
Sign In
Join for FREE
Feedback
Dark Mode
Quiz Categories
Sports
Geography
Music
Movies
Television
Just For Fun
Miscellaneous
History
Literature
Language
Science
Gaming
Entertainment
Religion
Holiday
For Kids
Quiz Lab
Recent
Popular Today
Quiz Kudos Today
Editor Picks
Curator Picks
Quizzes by...
Day
Popularity
Type
Ratings
Length
Year
Community
Subscriptions
Recent Discussions
Orange Saloon
Badges
Playlists
Quests
Create
Leaderboards
Showdown
Live 5
Trivia Bingo
Activity
Puzzle Library
Sporcle Events
Private Events
Virtual Trivia
Globe League
Become a Host
Pub Owners
SporcleCon
Opinionation
Our Games
Videos
Blog
Mobile Apps
Partnerships
Remove Ads and Go Orange
Feedback
Sports
Athletes
MLB
NBA
NHL
NFL
Soccer
Sports Teams
WWE
NCAA
Football
Premier League
Basketball
Baseball
Hockey
Golf
Tennis
Cricket
Rugby
Auto Racing
Olympics
World Cup
Sports
Athletes
MLB
NBA
NHL
NFL
Soccer
Sports Teams
WWE
NCAA
Football
Premier League
Basketball
Baseball
Hockey
Golf
Tennis
Cricket
Rugby
Auto Racing
Olympics
World Cup
Random Quiz
Search Sporcle
×
Quiz Lab
Quiz Lab
Sports
Player
Type in answers that appear in a list
Type in answers that appear in a list
Classic
Best Score? Go Orange.
Braves Hit Leaders Stats
Can you name the all-time hit leaders for the Atlanta Braves?
By
moose2438
12m
135 Questions
503 Plays
503 Plays
503 Plays
Comments
Comments
Give Quiz Kudos
Give Quiz Kudos
-
- Ratings
hide this ad
Replay
Link that replays current quiz
Next Quiz
Link to next quiz in quiz playlist
You Got
0%
They Got
Avg Score
21%
Avg Friend Score
Upgrade to see
Score Distribution
Jump to the score distribution portion of the page
Score
0/135
Timer
12:00
0
Plays Today
# of hits
Player
% Correct
2406
Chipper Jones
99.4%
1683
Andruw Jones
99%
516
Mack Jones
97.8%
3600
Hank Aaron
97.6%
1901
Dale Murphy
85.1%
1148
Javy Lopez
79.7%
2201
Eddie Mathews
78.5%
786
David Justice
72%
700
Fred McGriff
68.6%
623
Brian McCann
66.8%
1060
Jeff Blauser
64.6%
836
Ron Gant
62.4%
439
Kelly Johnson
61.4%
669
Terry Pendleton
59.4%
778
Mark Lemke
59%
994
Bob Horner
57.9%
924
Rafael Furcal
57.1%
678
Red Smith
55.9%
457
Lonnie Smith
55.9%
684
Ryan Klesko
54.3%
408
Otis Nixon
50.7%
717
Marcus Giles
48.3%
1087
Joe Torre
46.7%
413
Earl Williams
40.4%
700
Buck Jordan
38.4%
653
Jeff Francoeur
38.4%
535
Brian Jordan
38.4%
983
Glenn Hubbard
38.2%
871
Rico Carty
37.6%
1206
Joe Adcock
37.4%
929
Rafael Ramirez
37%
459
Sonny Jackson
37%
712
Darrell Evans
36.6%
594
Marty Perez
35.8%
1022
Ralph Garr
33.8%
416
Adam LaRoche
33%
410
Yunel Escobar
31.6%
727
Chris Chambliss
30.2%
1176
Del Crandall
29.8%
696
Bruce Benedict
29.6%
1696
Rabbit Maranville
29%
647
Claudell Washington
28%
643
Gary Matthews
27.6%
989
Felipe Alou
27.2%
493
Andres Thomas
27%
# of hits
Player
% Correct
616
Dusty Baker
25.6%
512
Eddie Brown
22.5%
466
Deacon White
21.5%
414
Orlando Cepeda
21.3%
1263
Wally Berger
20.1%
466
Jeff Burroughs
19.7%
1329
Johnny Logan
18.9%
1544
Hugh Duffy
17.7%
874
Felix Millan
17.3%
551
Gerald Perry
16.5%
547
Ken Oberkfell
16.3%
1503
Tommy Holmes
16.1%
506
Eddie Miller
14.3%
1901
Herman Long
14.1%
773
Mike Lum
12.9%
510
King Kelly
12.5%
763
Bob Elliott
12.1%
492
Hal Lee
12.1%
1994
Fred Tenney
11.7%
848
Jerry Royster
11.7%
1025
Tommy Tucker
10.9%
1126
Bill Bruton
10.7%
885
Billy Hamilton
10.3%
607
Gene Moore
10.3%
590
Randy Moore
10.3%
540
Rowland Office
10.3%
467
Clete Boyer
10.1%
582
Sid Gordon
9.9%
407
Wes Covington
9.7%
657
Earl Torgeson
8%
821
Jimmy Collins
7.2%
545
Denis Menke
6.2%
612
Max West
5.2%
1606
Bobby Lowe
4.8%
568
Lee Maye
4.6%
521
Andy Pafko
4.6%
505
George Sisler
4.6%
677
Jim O'Rourke
4.4%
440
Kid Nichols
4.4%
552
Connie Ryan
4.2%
730
George Wright
4%
654
Frank Bolling
3.6%
890
Ray Powell
3.2%
493
Hod Ford
3.2%
652
Tommy McCarthy
3%
# of hits
Player
% Correct
460
Sam Jethroe
3%
610
Ross Barnes
2.4%
698
Phil Masi
2%
595
Hank Gowdy
1.8%
474
Dave Bancroft
1.8%
428
Mickey O'Neil
1.8%
552
Dick Johnston
1.6%
401
Joe Quinn
1.6%
1283
Billy Nash
1.2%
755
Sam Wise
1%
504
Les Mann
1%
412
Debs Garms
1%
1247
John Morrill
0.8%
1161
Ezra Sutton
0.8%
902
Bill Sweeney
0.8%
791
Billy Urbanski
0.8%
732
Sibby Sisti
0.8%
717
Tony Boeckel
0.8%
643
Andy Leonard
0.8%
448
Elbie Fletcher
0.8%
761
Jack Burdock
0.6%
758
Lance Richbourg
0.6%
676
Johnny Cooney
0.6%
627
Tony Cuccinello
0.6%
511
Duff Cooley
0.6%
455
Al Spalding
0.6%
810
Joe Hornung
0.4%
675
Chick Stahl
0.4%
600
Jimmy Welsh
0.4%
579
Walter Holke
0.4%
575
Al Spohrer
0.4%
476
Bama Rowell
0.4%
438
Dick Burrus
0.4%
421
Ginger Beaumont
0.4%
421
Billy Southworth
0.4%
415
Danny O'Connell
0.4%
535
Charlie Ganzel
0.2%
473
Ed Abbaticchio
0.2%
449
Harry Schaefer
0.2%
426
Johnny Bates
0.2%
406
Jim Whitney
0.2%
403
Cal McVey
0.2%
424
Jimmy Bannon
0%
410
Jack Stivetts
0%
409
Buddy Hassett
0%
Quiz Playlist
Details
Report
Send in Message
Add To Playlist
Classic:
Type in answers that appear in a list
Last Updated: Feb 16, 2017
Quiz Scoreboard
CHALLENGE
Sign Up to Join the Scoreboard
Show All
Scores
Hide
Comments
May contain spoilers
Recently Published
1-10 Letter E Words III
by El_Dandy
Language
2m
One Thing in Common: World Cities II
by knightlancer
Geography
7m
Popular People in 1961
by mucciniale
History
6m
More to Explore
Quiz From the Vault
Featured Blog Post
Where Did the Easter Bunny Come From?
hide this ad
You Might Also Like...
Tags
Atlanta
Atlanta Braves
Brave
hit
Player
Today's Top Quizzes in Sports
Browse Sports
hide this ad
Today's Top Quizzes in Player
Browse Player
Top Contributed Quizzes in Sports
1
Les meilleurs buteurs des matchs entre le PSG et l’OM
2
Les entraîneurs de l'OM et du PSG au 21e siècle
3
2022 World Cup Stars
4
FIFA Club World Cup Champions
5
Name the Premier League winners with different clubs
6
La finale Lions - Afrique du Sud 2021
7
Criteria MLB: Left Handed Sluggers
8
Players with Multiple 50 Home Run Seasons
9
MLB Players with Two .350 Batting Average Seasons
10
MLB Hall of Famer by Rings
Explore More
Trending Topics
Harry Potter
Disney
Kpop
Anime
Crossword
Marvel
NBA
Song
Pokémon
WWE
The Office
Soccer
NFL
Puzzle
Country
hide this ad
More By:
moose2438
Quiz
Plays
Rating
Category
Featured
Created
MLB team hits leaders since 1990
3,154
4.15
Sports
Feb 6, 2012
Pirate Hit Leaders
2,816
5.00
Sports
Feb 8, 2010
MLB players who hit home runs in 1998
2,802
3.87
Sports
Mar 2, 2012
Toronto Blue Jays common batting orders, 2000-2019
2,633
4.60
Sports
Dec 15, 2011
MLB players who hit home runs in 2001
2,193
4.42
Sports
Feb 13, 2012
Go to Creator's Profile
Score Distribution
Quiz Creator Spotlight
moose2438
Follow
Send a Message
Quizzes Created
-
Created Quiz Play Count
-
More By This Creator
Popular Quizzes Today
1
Find the US States - No Outlines Minefield
2
The Countries of the World
3
Find the Countries of Europe - No Outlines Minefield
4
Popular People in 1961
5
1-10 Letter E Words III
6
Find the US States
7
One Thing in Common: World Cities II
8
US States
More Sports Quizzes
Snooker Quiz: A or B #6
Quiz Lab
Trending Quizzes
Risky Map Clicking: Least Populous States A-Z
1-10 Letter F Words
1-10 Letter G Words
One Thing in Common: United Kingdom
Risky Map Clicking: Next State Alphabetically
Recently Updated
Leaping Animals
pecheneg
Reality TV Shows (A-Z)
bhenderson79
Rickey Henderson's Hall of Fame Teammates
pecheneg
Champions League XIs: Arsenal
pecheneg
Quick Pick: Celebrities in WWE's Hall of Fame
aduchscher
A-Z Keypad Blitz II
pecheneg
Multiple Oscar Actors
pecheneg
Mystery Phrase Blitz: Oscar 'Best Actors'
pecheneg
F. Scott Fitzgerald Novels
LTH
Pick 3 Villains
ddd62291
Trending Topics
Anime
Crossword
Harry Potter
Marvel
Disney
NBA
Kpop
NFL
The Office
Puzzle
Song
Country
Soccer
WWE
Pokémon
Your Account Isn't Verified!
In order to create a playlist on Sporcle, you need to verify the email address you used during registration. Go to your
Sporcle Settings
to finish the process.
Report this User
Report this user for behavior that violates our
Community Guidelines
.
Details:
Send Report
Go to the Sporcle.com Mobile Site →
Comments